<?xml version="1.0" encoding="UTF-8"?>
<collection xmlns="http://www.loc.gov/MARC21/slim">
 <record>
  <leader>05773nam a2200373 a 4500</leader>
  <controlfield tag="001">kal2177</controlfield>
  <controlfield tag="003">Gr-AtHEAL</controlfield>
  <controlfield tag="005">20160422073512.0</controlfield>
  <controlfield tag="006">m        d        </controlfield>
  <controlfield tag="008">160413s2015    gr      s           gre|c</controlfield>
  <datafield tag="040" ind1=" " ind2=" ">
   <subfield code="a">GR-AtHEAL</subfield>
   <subfield code="b">gre</subfield>
   <subfield code="c">GR-AtHEAL</subfield>
  </datafield>
  <datafield tag="082" ind1="0" ind2="4">
   <subfield code="a">515</subfield>
   <subfield code="2">23</subfield>
  </datafield>
  <datafield tag="100" ind1="1" ind2=" ">
   <subfield code="a">Τουμπής, Σταύρος.</subfield>
   <subfield code="8">468</subfield>
  </datafield>
  <datafield tag="245" ind1="1" ind2="0">
   <subfield code="a">Λογισμός συναρτήσεων μιας μεταβλητής</subfield>
   <subfield code="h">[Ηλεκτρονικός πόρος] </subfield>
   <subfield code="b">Εισαγωγή στον λογισμό συναρτήσεων μιας μεταβλητής για πρωτοετείς φοιτητές</subfield>
   <subfield code="c">Τουμπής, Σταύρος ; Γκιτζένης, Σάββας ; Κριτικός αναγνώστης,Χελιώτης, Δημήτριος ; Γλωσσική επιμέλεια,Tραμπούλης, Θεόφιλος.</subfield>
  </datafield>
  <datafield tag="260" ind1=" " ind2=" ">
   <subfield code="a">Αθήνα :</subfield>
   <subfield code="b">Σύνδεσμος Ελληνικών Ακαδημαϊκών Βιβλιοθηκών,</subfield>
   <subfield code="c">c2015.</subfield>
  </datafield>
  <datafield tag="490" ind1=" " ind2=" ">
   <subfield code="a">Ακαδημαϊκά Ηλεκτρονικά Συγγράμματα και Βοηθήματα Κάλλιπος</subfield>
   <subfield code="8">40</subfield>
  </datafield>
  <datafield tag="520" ind1=" " ind2=" ">
   <subfield code="a">Το σύγγραμμα προορίζεται για χρήση στη διδασκαλία της βασικής θεωρίας του Λογισμού συναρτήσεων μιας μεταβλητής. Απευθύνεται σε πρωτοετείς φοιτητές Ελληνικών Πανεπιστημίων, και λαμβάνει υπόψιν τις γνώσεις που έχουν αφομοιώσει στο Λύκειο και ιδιαιτέρως κατά την προετοιμασία τους για τις Πανελλήνιες Εξετάσεις.Περιλαμβάνονται κεφάλαια με αντικείμενο τα αξιώματα των αριθμών, τα όρια, τη συνέχεια, την παράγωγο και τις εφαρμογές της, τον ορισμό του ολοκληρώματος και τις βασικές του ιδιότητες και εφαρμογές (σε υπολογισμούς όγκων, μηκών, κ.ο.κ.), τις διαφορικές εξισώσεις, τα πολυώνυμα Taylor, ακολουθίες, σειρές, και κάποια στοιχεία αναλυτικής γεωμετρίας (διανύσματα και κωνικές τομές). Αν και το σύγγραμμα μπορεί σαφώς να χρησιμοποιηθεί σε τμήματα Μαθηματικών, Φυσικής και τμήματα Πολυτεχνικών Σχολών, εντούτοις, λόγω του μεγάλου εύρους της ύλης που καλύπτει, το βιβλίο είναι ιδανικό για διδασκαλία σε τμήματα τα οποία περιλαμβάνουν ένα σχετικά μικρό αριθμό μαθημάτων μαθηματικού υποβάθρου, και αφιερώνουν περίπου 1 μάθημα σε Λογισμό Μίας Μεταβλητής και συναφή θέματα. Υπάρχουν δεκάδες τέτοια τμήματα στην επικράτεια, π.χ. ΑΕΙ Πληροφορικής, Βιολογίας, Χημείας, Οικονομικής Επιστήμης, κ.ο.κ., καθώς και ΤΕΙ τεχνολογικής κατεύθυνσης. Οι βασικοί στόχοι του βιβλίου είναι: * Οι φοιτητές να εμβαθύνουν στην ύλη που ήδη ξέρουν από το Λύκειο, δηλαδή τις βασικές έννοιες των παραγώγων και των ολοκληρωμάτων.* Οι φοιτητές να μάθουν ορισμένα νέα κομμάτια θεωρίας (π.χ. συνέχεια Lipschitz) και νέες εφαρμογές των ήδη γνωστών τους εννοιών (π.χ. υπολογισμοί διάφορων όγκων). * Οι φοιτητές να έρθουν σε επαφή με γνωστικά αντικειμενα όπως τα πολυώνυμα Taylor και διάφοροι αριθμητικές μέθοδοι (Μεθόδους Newton, Euler, κ.ο.κ.), τα οποία αποτελούν βασικά εργαλεία άλλων μαθημάτων στη συνέχεια των σπουδών τους. * Η ύλη να παρουσιάζεται κατά το δυνατόν αυστηρά ώστε να ενισχυθεί η ικανότητα των φοιτητών για δομημένη σκέψη. Ταυτόχρονα παρέχεται μεγάλο πλήθος ασκήσεων και παραδειγμάτων για καλύτερη κατανόηση.</subfield>
  </datafield>
  <datafield tag="650" ind1=" " ind2="0">
   <subfield code="a">calculus</subfield>
   <subfield code="8">1907</subfield>
  </datafield>
  <datafield tag="653" ind1=" " ind2=" ">
   <subfield code="a">Διάνυσμα</subfield>
  </datafield>
  <datafield tag="653" ind1=" " ind2=" ">
   <subfield code="a">Κωνική τομή</subfield>
  </datafield>
  <datafield tag="653" ind1=" " ind2=" ">
   <subfield code="a">Σειρά</subfield>
  </datafield>
  <datafield tag="653" ind1=" " ind2=" ">
   <subfield code="a">Ακολουθία</subfield>
  </datafield>
  <datafield tag="653" ind1=" " ind2=" ">
   <subfield code="a">Ολοκλήρωμα</subfield>
  </datafield>
  <datafield tag="653" ind1=" " ind2=" ">
   <subfield code="a">Παράγωγος</subfield>
  </datafield>
  <datafield tag="653" ind1=" " ind2=" ">
   <subfield code="a">Όριο</subfield>
  </datafield>
  <datafield tag="653" ind1=" " ind2=" ">
   <subfield code="a">Λογισμός συναρτήσεων μιας μεταβλητής</subfield>
  </datafield>
  <datafield tag="653" ind1=" " ind2=" ">
   <subfield code="a">Μαθηματικά</subfield>
   <subfield code="a">Πραγματικές συναρτήσεις</subfield>
   <subfield code="a">Συναρτήσεις μιας μεταβλητής</subfield>
  </datafield>
  <datafield tag="700" ind1="1" ind2=" ">
   <subfield code="a">Γκιτζένης, Σάββας</subfield>
   <subfield code="e">Συγγραφέας</subfield>
   <subfield code="8">466</subfield>
  </datafield>
  <datafield tag="700" ind1="1" ind2=" ">
   <subfield code="a">Χελιώτης, Δημήτριος</subfield>
   <subfield code="e">Κριτικός αναγνώστης</subfield>
   <subfield code="8">467</subfield>
  </datafield>
  <datafield tag="856" ind1="4" ind2="0">
   <subfield code="u">http://hdl.handle.net/11419/2177</subfield>
   <subfield code="z">Πλήρες Κείμενο - Full text</subfield>
  </datafield>
  <datafield tag="907" ind1=" " ind2=" ">
   <subfield code="a">.b25679028</subfield>
   <subfield code="b">12-06-18</subfield>
   <subfield code="c">29-07-16</subfield>
  </datafield>
  <datafield tag="949" ind1=" " ind2=" ">
   <subfield code="0">0</subfield>
   <subfield code="1">0</subfield>
   <subfield code="2">ddc</subfield>
   <subfield code="4">0</subfield>
   <subfield code="6">515_000000000000000_ΤΟΥ</subfield>
   <subfield code="7">0</subfield>
   <subfield code="8">KALL</subfield>
   <subfield code="8">661</subfield>
   <subfield code="d">2016-04-13</subfield>
   <subfield code="r">2016-04-13</subfield>
   <subfield code="w">2016-04-13</subfield>
   <subfield code="z">515 ΤΟΥ</subfield>
   <subfield code="o">SEAB KALLIPOS</subfield>
  </datafield>
  <datafield tag="998" ind1=" " ind2=" ">
   <subfield code="a">80</subfield>
   <subfield code="a">01</subfield>
   <subfield code="a">02</subfield>
   <subfield code="a">03</subfield>
   <subfield code="a">04</subfield>
   <subfield code="a">05</subfield>
   <subfield code="a">06</subfield>
   <subfield code="a">07</subfield>
   <subfield code="a">08</subfield>
   <subfield code="a">09</subfield>
   <subfield code="a">10</subfield>
   <subfield code="a">11</subfield>
   <subfield code="a">12</subfield>
   <subfield code="a">13</subfield>
   <subfield code="a">14</subfield>
   <subfield code="a">15</subfield>
   <subfield code="a">16</subfield>
   <subfield code="a">17</subfield>
   <subfield code="a">18</subfield>
   <subfield code="a">19</subfield>
   <subfield code="a">20</subfield>
   <subfield code="a">21</subfield>
   <subfield code="a">22</subfield>
   <subfield code="a">23</subfield>
   <subfield code="a">24</subfield>
   <subfield code="a">25</subfield>
   <subfield code="a">26</subfield>
   <subfield code="b">10-05-17</subfield>
   <subfield code="c">m</subfield>
   <subfield code="d">z  </subfield>
   <subfield code="e">-</subfield>
   <subfield code="f">gre</subfield>
   <subfield code="g">gr </subfield>
   <subfield code="h">0</subfield>
  </datafield>
  <datafield tag="942" ind1=" " ind2=" ">
   <subfield code="2">ddc</subfield>
   <subfield code="c">KALLIPOS</subfield>
  </datafield>
 </record>
</collection>
